LEADER 01128nam 2200253la 450 001 9910481160803321 005 20221102155311.0 035 $a(UK-CbPIL)2090353956 035 $a(CKB)5500000000084737 035 $a(EXLCZ)995500000000084737 100 $a20221102d1582 uy | 101 0 $agrc 135 $aurcn||||a|bb| 200 10$aEk to?n Polybiou tou megalopolitou eklogai peri presbeio?n. Ex libris Polybii megalopolitani selecta de legationibus; et alia quæ sequenti pagina indicantur: nunc primu?m in lucem edita. Ex bibliotheca Fului Vrsini 210 $aAntwerp $c[s.n.]$d1582 215 $aOnline resource (2 pt. ([8], 447, [1]; 182 p.), 4º) 300 $aReproduction of original in Biblioteca Nazionale Centrale di Firenze. 700 $aPolybius$0194056 801 0$bUk-CbPIL 801 1$bUk-CbPIL 906 $aBOOK 912 $a9910481160803321 996 $aEk t?n Polybiou tou megalopolitou eklogai peri presbei?n. Ex libris Polybii megalopolitani selecta de legationibus; et alia quæ sequenti pagina indicantur: nunc primùm in lucem edita. Ex bibliotheca Fului Vrsini$91480539 997 $aUNINA LEADER 04452nam 22006975 450 001 9911047658103321 005 20251120120405.0 010 $a981-9692-03-2 024 7 $a10.1007/978-981-96-9203-3 035 $a(MiAaPQ)EBC32422065 035 $a(Au-PeEL)EBL32422065 035 $a(CKB)43552579600041 035 $a(DE-He213)978-981-96-9203-3 035 $a(OCoLC)1555347783 035 $a(EXLCZ)9943552579600041 100 $a20251120d2025 u| 0 101 0 $aeng 135 $aurcnu|||||||| 181 $ctxt$2rdacontent 182 $cc$2rdamedia 183 $acr$2rdacarrier 200 10$aRecent Trends in Artificial Intelligence and Data Sciences $eSelect Proceedings of the 15th International Conference?CONFLUENCE 2025 /$fedited by Sumit Kumar, Garima Aggarwal, Bhuvan Unhelkar, Raju Pal 205 $a1st ed. 2025. 210 1$aSingapore :$cSpringer Nature Singapore :$cImprint: Springer,$d2025. 215 $a1 online resource (714 pages) 225 1 $aLecture Notes in Electrical Engineering,$x1876-1119 ;$v1447 311 08$a981-9692-02-4 327 $aA Comparative Analysis of Existing and AI-Driven Frameworks for Industrial Interaction Practices -- A Comprehensive Review: Machine and Deep Learning Techniques for Sentiment Analysis on Datasets of Political Tweets -- Comparative Analysis of Feature Selection Techniques for Malware Detection in URLs -- Google and Flower Federated Learning Frameworks Comparison in Bug Prediction in terms of Flexibility and Technical Factors -- Exploring Sentiments in Stack Overflow Score and Discussion: A Dual Approach with Machine Learning Models and Expert Evaluation -- An AI-Enhanced Framework for Mental Health Management -- dvancing Diabetic Retinopathy Detection through Collaborative Vision Transformer and CNN Architectures Integrated with Explainable AI -- Diagnosis and Prediction of Multiple Sclerosis Disease Using Quantum Machine Learning Classifiers -- Predictive Modeling for Breast Cancer Diagnosis Using Machine Learning Algorithms -- Early Detection of Cardiovascular Disease through the Utilization of Multiple Machine Learning Techniques -- Early Prediction and Detection of Liver Disease Using Deep Learning -- Predictive Analytics based on Public Health Response using Epidemiological Models: A Data Driven Approach -- Prognosis, and Diagnosis of Diabetes through Minkowski Distance Metric -- Mental Health Reaction Based On Behavioral Analysis And Digital Device Usage Using Machine Learning Algortihm -- Automated Onset Seizure Detection Using EEG Signals by Machine Learning. 330 $aThis book presents original, peer-reviewed research papers from the International Conference on Recent Trends in Artificial Intelligence and Data Sciences?CONFLUENCE 2025. It highlights the latest advancements across diverse areas of data science and computational techniques. The volume focuses on artificial intelligence, machine learning, deep learning, soft computing, and other emerging methodologies. By sharing recent findings in these domains, the book serves as a valuable resource for researchers, scientists, industry professionals, and students alike. 410 0$aLecture Notes in Electrical Engineering,$x1876-1119 ;$v1447 606 $aComputational intelligence 606 $aData structures (Computer science) 606 $aInformation theory 606 $aArtificial intelligence 606 $aDatabase management 606 $aData protection 606 $aComputational Intelligence 606 $aData Structures and Information Theory 606 $aArtificial Intelligence 606 $aDatabase Management System 606 $aData and Information Security 615 0$aComputational intelligence. 615 0$aData structures (Computer science) 615 0$aInformation theory. 615 0$aArtificial intelligence. 615 0$aDatabase management. 615 0$aData protection. 615 14$aComputational Intelligence. 615 24$aData Structures and Information Theory. 615 24$aArtificial Intelligence. 615 24$aDatabase Management System. 615 24$aData and Information Security. 676 $a006.3 700 $aKumar$b Sumit$01729293 801 0$bMiAaPQ 801 1$bMiAaPQ 801 2$bMiAaPQ 906 $aBOOK 912 $a9911047658103321 996 $aRecent Trends in Artificial Intelligence and Data Sciences$94472033 997 $aUNINA LEADER 05052oam 2201189 c 450 001 9910476929903321 005 20260302090207.0 010 $a9783839436608 010 $a3839436605 024 7 $a10.14361/9783839436608 035 $a(CKB)3800000000419774 035 $a(MiAaPQ)EBC5216867 035 $a(DE-B1597)478013 035 $a(OCoLC)1013956909 035 $a(DE-B1597)9783839436608 035 $a(MiAaPQ)EBC6695144 035 $a(Au-PeEL)EBL6695144 035 $a(OCoLC)1020026031 035 $a(ScCtBLL)156567df-a41c-4412-82d7-4b9c842ee099 035 $a(transcript Verlag)9783839436608 035 $a(Perlego)1796781 035 $a(oapen)doab30012 035 $a(EXLCZ)993800000000419774 100 $a20260302h20172018 uy 0 101 0 $aeng 135 $aurcnu|||||||| 181 $2rdacontent 182 $2rdamedia 183 $2rdacarrier 200 00$aPower Relations in Black Lives$eReading African American Literature and Culture with Bourdieu and Elias$fChrista Buschendorf 205 $a1st ed. 210 $aBielefeld$ctranscript Verlag$d2017 210 $d2017, c2018 215 $a1 online resource (285 pages) $cillustrations 225 0 $aAmerican Culture Studies 311 08$a9783837636604 311 08$a3837636607 320 $aIncludes bibliographical references. 327 $aFrontmatter 1 Contents 7 Preface 9 Introduction 11 Satin-Legs Smith and a Mississippi Mother 35 Intellectual Disposition and Bodily Emotion 55 "You have to leave home to find home" 77 (Post-Black) Bildungsroman or Novel of (Black Bourgeois) Manners? 101 "You People Almost Had Me Hating You Because of the Color of Your Skin" 123 Black Women's Business 145 "What's the Position You Hold?" 165 "Decolorized for Popular Appeal" 183 Understanding Ferguson 205 Transformations of Oppression 237 Introducing Disagreement 257 Contributors 281 330 $aAccording to relational sociology, power imbalances are at the root of human conflicts and consequently shape the physical and symbolic struggles between interdependent groups or individuals. This volume highlights the role of power relations in the African American experience by applying key concepts of Pierre Bourdieu and Norbert Elias to black literature and culture. The authors offer new readings of power asymmetries as represented in works of canonical and contemporary black writers (Richard Wright, Ralph Ellison, Gwendolyn Brooks, Toni Morrison, Percival Everett, Colson Whitehead), rap music (e.g., Jay Z), images of black homelessness, and figurations of political activism (civil rights activist Bayard Rustin, #BlackLivesMatter in Ferguson). 330 1 $aBesprochen in:Begegnungszentrum für aktive Gewaltlosigkeit, Rundbrief, 1 (2018) 410 0$aAmerican studies (Transcript (Firm)) ;$vVolume 17. 517 2 $aBuschendorf (ed.), Power Relations in Black Lives$eReading African American Literature and Culture with Bourdieu and Elias 606 $aRelational Sociology 606 $aPierre Bourdieu 606 $aNorbert Elias 606 $aSociology of Literature 606 $aCultural Sociology 606 $aPower Relations 606 $aRacism 606 $aAfrican American Literature 606 $aBlack Culture 606 $aRap Music 606 $aPolitical Activism 606 $aHabitus 606 $aField 606 $aCapital 606 $aSymbolic Violence 606 $aEstablished-Outsider Relationships 606 $aPower Asymmetries 606 $aPower Imbalances 606 $aAmerica 606 $aSocial Relations 606 $aAmerican Studies 606 $aSociological Theory 606 $aCultural Studies 606 $aLiterary Studies 615 4$aRelational Sociology 615 4$aPierre Bourdieu 615 4$aNorbert Elias 615 4$aSociology of Literature 615 4$aCultural Sociology 615 4$aPower Relations 615 4$aRacism 615 4$aAfrican American Literature 615 4$aBlack Culture 615 4$aRap Music 615 4$aPolitical Activism 615 4$aHabitus 615 4$aField 615 4$aCapital 615 4$aSymbolic Violence 615 4$aEstablished-Outsider Relationships 615 4$aPower Asymmetries 615 4$aPower Imbalances 615 4$aAmerica 615 4$aSocial Relations 615 4$aAmerican Studies 615 4$aSociological Theory 615 4$aCultural Studies 615 4$aLiterary Studies 676 $a155.43 686 $aHU 1728$2rvk 702 $aBuschendorf$b Christa$p

Christa Buschendorf, Goethe-Universität Frankfurt am Main, Deutschland

$4edt 712 02$aKnowledge Unlatched - KU Select 2019: Backlist Collection$4fnd$4http://id.loc.gov/vocabulary/relators/fnd 801 0$bMiAaPQ 801 1$bMiAaPQ 801 2$bMiAaPQ 906 $aBOOK 912 $a9910476929903321 996 $aPower Relations in Black Lives$92264618 997 $aUNINA